000 00720nam a2200229 i 4500
001 104488
003 ES-MaACL
005 20251018063059.0
007 t|
008 051130s1982 sp ||||1| spa d
100 1 _aMiller, Henry,
_d1891-1980
_9242368
245 1 0 _aNexus /
_cHenry Miller; traducción de Carlos Manzano.
260 _aMadrid :
_bAlfaguara,
_c1982.
300 _a347 p. ;
_c22 cm.
490 1 _aLiteratura Alfaguara ;
_v72
490 1 _aLa crucifixión rosada ;
_vIII
700 1 _aManzano, Carlos.
_976216
830 0 _aLiteratura Alfaguara ;
_v72
_9178100
830 0 _aLa crucifixión rosada ;
_vIII
_9232640
852 _aES-MaACL
_jL-2611
_bR.103503
999 _c104488
_d104488